000 00853nam a2200193Ia 4500
005 20240530110943.0
008 140319s2020 sy ahk b 000 0 ara d
022 _a978933600433
040 _aGCL /
_cGCL
082 0 4 _a962.1
_bق/م ت
100 0 _aمحمد جمال حامد الشوربجى
245 1 0 _aتاريخ مدينة الخانكاه فى عصر سلاطين المماليك :
_b725 - 923 هـ / 1325 - 1517 م /
_cتاليف محمد جمال حامد الشوربجى
260 _aدمشق :
_bنور حوران للدراسات والنشر والتراث،
_c2020.
300 _a159 ص. :
_bايض ؛
_c24 سم.
504 _aيشتمل على ارجاعات ببليوجرافية
650 0 7 _2qrmak
_aالعمارة الاسلامية
_xعصر المماليك
651 0 7 _2qrmak
_aالخانكاه
_xتاريخ
942 _2ddc
_cBK
999 _c66846
_d66846